Sharjah Art Foundation Library

The Magic in Ancient Iraq in the light of Cuneiform sources/ (Record no. 6566)

MARC details
000 -LEADER
fixed length control field 00683nam a2200169Ia 4500
001 - CONTROL NUMBER
control field 6566
008 - FIXED-LENGTH DATA ELEMENTS--GENERAL INFORMATION
fixed length control field 260622s9999 xx 000 0 und d
245 #4 - TITLE STATEMENT
Title The Magic in Ancient Iraq in the light of Cuneiform sources/
Remainder of title السحر في العراق القديم في ضوء المصادر المسمارية/ تأليف: د. رياض عبد الرحمن أمين الدوري
260 ## - PUBLICATION, DISTRIBUTION, ETC.
Name of publisher, distributor, etc. الهيئة العامة للآثار و التراث، وزارة الثقافة، جمهورية العراق؛
Date of publication, distribution, etc. 2009
300 ## - PHYSICAL DESCRIPTION
Extent 431p;
Dimensions 24x17cm
546 ## - LANGUAGE NOTE
Language note Arabic
648 ## - SUBJECT ADDED ENTRY--CHRONOLOGICAL TERM
Chronological term Ancient
650 ## - SUBJECT ADDED ENTRY--TOPICAL TERM
Topical term or geographic name entry element CC1-960 Archaeology
650 ## - SUBJECT ADDED ENTRY--TOPICAL TERM
Topical term or geographic name entry element Cuneiform
9 (RLIN) 9413
651 ## - SUBJECT ADDED ENTRY--GEOGRAPHIC NAME
Geographic name Iraq
942 ## - ADDED ENTRY ELEMENTS (KOHA)
Koha item type Book
Holdings
Withdrawn status Lost status Damaged status Not for loan Collection Home library Current library Date acquired Total Checkouts Full call number Barcode Date last seen Price effective from Koha item type
        Archaeology- Biography SAF Reference Library SAF Reference Library 06/22/2026   CC1-960 98.655 6566 06/22/2026 06/22/2026 Book

Copyright © 2022. Sharjah Art Foundation. All Rights Reserved.